000 00323nam a22001457a 4500
008 221104b ||||| |||| 00| 0 eng d
020 _a9780989098007
041 _aeng
080 _22 AND EDITION
_a004
082 _a004
100 _a19
101 _aSHK
245 _aTHE INCLUSION PARADOX
_cTOPIA A
942 _2udc
_cBK
999 _c58727
_d58727